Văn kiện Đảng toàn tập T.37 1976

Zapisane w:
Opis bibliograficzny
Korporacja: Đảng Cộng Sản Việt Nam
Format: Książka
Wydane: Hà Nội Chính trị Quốc gia 2004
Hasła przedmiotowe:
Etykiety: Dodaj etykietę
Nie ma etykietki, Dołącz pierwszą etykiete!
Thư viện lưu trữ: Trung tâm Học liệu Lê Vũ Hùng, Trường Đại học Đồng Tháp
LEADER 00777pam a22002538a 4500
001 00029035
005 20171026081025.0
008 120504s2004 ||||||Viesd
041 0 # |a Vie 
082 1 # |a 324.259 707 1  |b V115K 
110 2 # |a Đảng Cộng Sản Việt Nam 
245 1 0 |a Văn kiện Đảng toàn tập  |n T.37  |p 1976 
260 # # |a Hà Nội  |b Chính trị Quốc gia  |c 2004 
300 # # |a 1070tr.  |c 22cm. 
653 # # |a Chỉ thị 
653 # # |a Đảng Cộng Sản Việt Nam 
653 # # |a Văn kiện Đảng 
653 # # |a Nghị quyết 
852 # # |j KD.0013156 
852 # # |b Kho đọc  |j KD.0013156 
910 |d 04/05/2012 
980 # # |a Trung tâm Học liệu Lê Vũ Hùng, Trường Đại học Đồng Tháp